Papeles de la chinantla (Record no. 10697)

MARC details
000 -CABECERA
campo de control de longitud fija 01523nam a2200301 a 4500
001 - NÚMERO DE CONTROL
campo de control BRL_1889
005 - FECHA Y HORA DE LA ÚLTIMA TRANSACCIÓN
campo de control 20190320211423.0
008 - DATOS DE LONGITUD FIJA--INFORMACIÓN GENERAL
campo de control de longitud fija 120815m19541973mx-abo####---#000-0#spa-#
041 ## - CÓDIGO DE LENGUA
Código de lengua del texto/banda sonora o título independiente spa
044 ## - CÓDIGO DEL PAÍS DE LA ENTIDAD EDITORA/PRODUCTORA
Código MARC del país mx
050 #4 - SIGNATURA TOPOGRÁFICA DE LA BIBLIOTECA DEL CONGRESO
Número de clasificación F1219.1O11
Número de documento/Ítem .P37 1954
245 10 - MENCIÓN DE TÍTULO
Título Papeles de la chinantla
260 ## - PUBLICACIÓN, DISTRIBUCIÓN, ETC.
Lugar de publicación, distribución, etc. México
Nombre del editor, distribuidor, etc. Instituto Nacional de Antropología e Historia
Fecha de publicación, distribución, etc. 1954,1961,1973
300 ## - DESCRIPCIÓN FÍSICA
Extensión v.
Otras características físicas il., mapas
Dimensiones 23 cm.
440 #0 - MENCIÓN DE SERIE/PUNTO DE ACCESO ADICIONAL--TÍTULO
Título Museo Nacional de Antropología. Serie Científica
Designación de volumen o secuencia 3-7-11
9 (RLIN) 28162
500 ## - NOTA GENERAL
Nota general v.1 Au2037, v.3 Au2038, v.7 Au2039
505 0# - NOTA DE CONTENIDO CON FORMATO
Nota de contenido con formato Contenido: v.1. Mayultianguis y Tlacoatzintepec / Robert J. Weitlaner y Carlo Antonio Castro G., 1954 - v.3. Apuntes históricos de las tribus Chinantecas, Mazatecas y Popolucas (1910) / Mario Espinosa, Reedición con notas y apéndices preparada por Howard F. Cline, 1961- v.7. Usila: morada de los Colibríes / Robert J. Weitlaner y Carlo Antonio Castro, 1973
650 14 - PUNTO DE ACCESO ADICIONAL DE MATERIA--TÉRMINO DE MATERIA
Término de materia o nombre geográfico como elemento de entrada Chinantecos
Subdivisión general Historia
9 (RLIN) 28163
650 14 - PUNTO DE ACCESO ADICIONAL DE MATERIA--TÉRMINO DE MATERIA
Término de materia o nombre geográfico como elemento de entrada Chinantecos
Subdivisión general textos
9 (RLIN) 28164
650 14 - PUNTO DE ACCESO ADICIONAL DE MATERIA--TÉRMINO DE MATERIA
Término de materia o nombre geográfico como elemento de entrada Indígenas de México
Subdivisión geográfica Oaxaca (Estado)
9 (RLIN) 27944
700 1# - PUNTO DE ACCESO ADICIONAL--NOMBRE DE PERSONA
Nombre de persona Weitlaner, Roberto J
Título de la obra Mayultianguis Y Tlacoatzintepec
9 (RLIN) 28165
700 1# - PUNTO DE ACCESO ADICIONAL--NOMBRE DE PERSONA
Nombre de persona Castro, Carlo Antonio
Título de la obra Mayultianguis Y Tlacoatzintepec
9 (RLIN) 28166
700 1# - PUNTO DE ACCESO ADICIONAL--NOMBRE DE PERSONA
Nombre de persona Espinosa, Mariano
Título de la obra Apuntes históricos de las tribus chinantecas, matzatecas y popolucas
9 (RLIN) 28167
700 1# - PUNTO DE ACCESO ADICIONAL--NOMBRE DE PERSONA
Nombre de persona Weitlaner, Roberto J.
Título de la obra Usila : morada de colibries
9 (RLIN) 28168
700 1# - PUNTO DE ACCESO ADICIONAL--NOMBRE DE PERSONA
Nombre de persona Castro, Carlo Antonio
Título de la obra Usila : morada de colibries
9 (RLIN) 28169
902 ## - CATALOGADOR
Iniciales GRL
942 ## - ELEMENTOS DE PUNTO DE ACCESO ADICIONAL (KOHA)
Fuente del sistema de clasificación o colocación Library of Congress Classification
Tipo de ítem Koha Libros
Holdings
Estado de retiro Estado de pérdida Estado dañado No para préstamo Localización permanente Ubicación/localización actual Fecha de adquisición Total de préstamos Signatura topográfica completa Código de barras Fecha visto por última vez Precio válido a partir de Tipo de ítem Koha
El ejemplar forma parte de la colección y puede ser consultado según las políticas vigentes.       Biblioteca Centro de Estudios Ruth D. Lechuga Biblioteca Centro de Estudios Ruth D. Lechuga 12/08/2015   F1219.1O11 .P37 1954 GRL02082 22/03/2019 22/03/2019 Libros
El ejemplar forma parte de la colección y puede ser consultado según las políticas vigentes.       Biblioteca Centro de Estudios Ruth D. Lechuga Biblioteca Centro de Estudios Ruth D. Lechuga 19/01/2016   F1219.1O11 .P37 1954 GRL02083 22/03/2019 22/03/2019 Libros
El ejemplar forma parte de la colección y puede ser consultado según las políticas vigentes.       Biblioteca Centro de Estudios Ruth D. Lechuga Biblioteca Centro de Estudios Ruth D. Lechuga 19/01/2016   F1219.1O11 .P37 1954 GRL02084 22/03/2019 22/03/2019 Libros